Manshū yubō gensei. Shōwa 4-nen / Kijutsu hen :
Saved in:
| Corporate Author: | |
|---|---|
| Other Authors: | |
| Format: | Book |
| Language: | Japanese |
| Published: |
Dairen :
Minami Manshū Tetsudō Kabushiki Kaisha,
Shōwa 5 [1930]
|
| Series: | Mantetsu chōsa shiryō ;
dai 135-hen. |
| Subjects: | |
| Tags: |
Add Tag
No Tags, Be the first to tag this record!
|
| LEADER | 01275nam a2200301ui 4500 | ||
|---|---|---|---|
| 001 | 007764676-2 | ||
| 005 | 20024617122053.0 | ||
| 008 | 980414s1930 cc a s 000 0 jpn d | ||
| 035 | 0 | |a ocm38945235 | |
| 040 | |a *YNH* |c *YNH* |d CStRLIN | ||
| 245 | 0 | 0 | |6 880-01 |a Manshū yubō gensei. |p Kijutsu hen : |b Shōwa 4-nen / |c Mikami Yasumi hen. |
| 260 | |6 880-02 |a Dairen : |b Minami Manshū Tetsudō Kabushiki Kaisha, |c Shōwa 5 [1930] | ||
| 300 | |a 1, 1, 25 p. : |b ill. ; |c 23 cm. | ||
| 490 | 1 | |6 880-03 |a Mantetsu chōsa shiryō ; |v dai 135-hen | |
| 500 | |a Cover title. | ||
| 650 | 0 | |a Oil industries |z China |z Manchuria |v Statistics. | |
| 650 | 0 | |a Oil industries |z China |z Manchuria. | |
| 700 | 1 | |6 880-04 |a Mikami, Yasumi, |d 1898- | |
| 710 | 2 | |6 880-05 |a Minami Manshū Tetsudō Kabushiki Kaisha. |b Chōsaka. | |
| 880 | 0 | 0 | |6 245-01 |a 滿洲油坊現勢. |p 記述編 : |b 昭和4年 / |c 三上安美編. |
| 880 | |6 260-02 |a 大連 : |b 南滿洲鐵道株式會社, |c 昭和5 [1930] | ||
| 880 | 1 | |6 490-03 |a 滿鐵調查資料 ; |v 第135編 | |
| 880 | 1 | |6 700-04 |a 三上安美, |d 1898- | |
| 880 | 2 | |6 710-05 |a 南滿洲鐵道株式會社. |b 庶務部. |b 調查課. | |
| 830 | 0 | |6 880-53 |a Mantetsu chōsa shiryō ; |v dai 135-hen. | |
| 880 | 0 | |6 830-53 |a 滿鐵調查資料 ; |v 第135編. | |
| 988 | |a 20021221 | ||
| 906 | |0 MH | ||


